Score 0/18 Timer 05:00
6 Plays Today
% Correct
Superman
99.8%
SpongeBob SquarePants
99.2%
The Joker
96.4%
Homer Simpson
96.3%
Popeye the Sailor Man and Olive Oyl
95.7%
Batman
95.5%
Mickey Mouse
94.8%
Grouchy Smurf
94.3%
Mario
93%
% Correct
Yoda
91.5%
Iron Man
91.4%
Stewie Griffin
84.5%
Michelangelo
83.1%
Hannibal Lecter
78.8%
Ace Ventura
77.5%
Severus Snape
75.4%
Pinky and the Brain
73.8%
Jack Torrance
41.8%
Remove Ads.
Support Sporcle.
Get the best of Sporcle when you Go Orange. This ad-free experience offers more features, more stats, and more fun while also helping to support Sporcle. Thank you for becoming a member.

You're not logged in!

Compare scores with friends on all Sporcle quizzes.
OR
Log In

Show Comments

Extras

Top Quizzes Today


Score Distribution

Your Account Isn't Verified!

In order to create a playlist on Sporcle, you need to verify the email address you used during registration. Go to your Sporcle Settings to finish the process.

Report this User

Report this user for behavior that violates our Community Guidelines.

Details: